Loser takse all / (Record no. 130508)

MARC details
000 -LEADER
fixed length control field 00531nam a22002177a 4500
005 - DATE AND TIME OF LATEST TRANSACTION
control field 20170124110112.0
010 ## - LIBRARY OF CONGRESS CONTROL NUMBER
LC control number 605694
020 ## - INTERNATIONAL STANDARD BOOK NUMBER
International Standard Book Number 434305421
035 ## - SYSTEM CONTROL NUMBER
System control number 605694
037 ## - SOURCE OF ACQUISITION
Source of stock number/acquisition Cen Lib/Ret
040 ## - CATALOGING SOURCE
Original cataloging agency DPL
Language of cataloging EN
082 ## - DEWEY DECIMAL CLASSIFICATION NUMBER
Classification number N
Item number GRE
100 ## - MAIN ENTRY--PERSONAL NAME
Personal name Greene, Graham
9 (RLIN) 101299
245 ## - TITLE STATEMENT
Title Loser takse all /
Statement of responsibility, etc by Graham Greene
260 ## - PUBLICATION, DISTRIBUTION, ETC. (IMPRINT)
Name of publisher, distributor, etc William Heinemann
Place of publication, distribution, etc London
Date of publication, distribution, etc 1970
270 ## - ADDRESS
City London
300 ## - PHYSICAL DESCRIPTION
Extent 139p.
Dimensions 17cm(Hb)
650 ## - SUBJECT ADDED ENTRY--TOPICAL TERM
Topical term or geographic name as entry element literature
9 (RLIN) 6262
650 ## - SUBJECT ADDED ENTRY--TOPICAL TERM
Topical term or geographic name as entry element Novels
9 (RLIN) 13976
942 ## - ADDED ENTRY ELEMENTS (KOHA)
Source of classification or shelving scheme Dewey Decimal Classification
Koha item type English Books
Classification part N
Call number suffix GRE
Holdings
Withdrawn status Lost status Damaged status Not for loan Home library Current library Date acquired Source of acquisition Cost, normal purchase price Total Checkouts Full call number Barcode Date last seen Copy number Cost, replacement price Price effective from Koha item type Public note
Written off       Central Library Central Library 09/07/2015 Cen Lib/Ret 0.00   N GRE 605694 09/07/2015 1 0.00 09/07/2015 English Books W/d List 8137/5; dtd 21/2/17

© Delhi Public Library
Hit Counter
free hit counter